000 00317nam a22001337a 4500
008 181106b xxu||||| |||| 00| 0 eng d
020 _a019504035-X
041 _aeng
080 _25th
_a615
100 _a5
101 _aFAR
245 _aThe Biochemical Basis of Neuropharmacology
_cCooper,J.R
942 _2udc
_cBK
999 _c51993
_d51993